1439 1371 1960 1822 1647 1105 1667 1854 1823 1885 1735 1997 1461 1382 1062 1029 1612 1486 1074 1894 1185 1795 1897 1810 1956 1383 1697 1373 1983 1748 1894 1547 1178 1077 1340 1975 1970 1378 1418 1586 1882 1064 1349 1737 1193 1378 1263 1593 1958 1695 1641 1825 1439 1478 1391 1232 1033 1852 1736 1716 1074 1016 1017 1779 1280 1273 1143 1533 1301 1441 1074 1965 1971 1491 1405 1635 1300 1817 1261 1293 1069 1463 1665 1797 1006 1658 1911 1188 1439 1587 1886 1324 1873 1503 1737 1676 1363 1019 1134 BCNSPRNW ULIB Ver.6.0+V

เปลี่ยนเป็นภาษาไทย

Change to English
 แสดงรายละเอียดบรรณานุกรม
  กลับหน้าหลัก

Brief Record : Get Marc (ISO 2709) : E-mail record : QR code < ปิดหน้าต่าง
LEADER : 00000nam 2200000uu 4500
001    13399127484
003     ULIB
008    200610s2020||||th 000 0 tha d
020    ^a9780323595421
060    ^aWY100^bH371U
100    ^aHaugen Nancy , Galura J. Sandra (Author)
245    ^aUlrich & Canale s Nursing Care Planning Guides: Prioritization, Delegation, and Clinical Reasoning
250    ^a8th ed
260    ^aSt.Louis, Missouri :^bELSEVIER,^c2020
300    ^a912 pages;^b28 cm
650    ^aNursing Care Planning
945    ^p0^l0^i28390
999    ^aกัณชพร จุลอักษร
รายการนี้ยังไม่มีแท็ก
คุณยังไม่ได้ล็อกอิน คุณสามารถมีกิจกรรมร่วมกับเว็บไซต์ได้ แต่ต้องล็อกอินก่อน ::
  ล็อกอิน

รายการสื่อสารสนเทศ

ลำดับที่ ประเภท เลขเรียก/บาร์โค้ด สถานที่ สถานะ
1. หนังสือสำรอง
หนังสือสำรอง
WY100 H371U ฉ.1 
  Barcode: 28390
ห้องสมุดวิทยาเขตนครสวรรค์
►หนังสือทั่วไป:l:General Books
บนชั้น

รายการใกล้เคียง
    ชื่อเรื่อง [Ulrich & Canale s Nursing Care Planning Guides: Prioritization, Delegation, and Clinical Reasoning]

    หัวเรื่อง [Nursing Care Planning]

BibComment


ยังไม่เคยถูกคอมเมนท์

คอมเมนท์ทรัพยากรรายการนี้
  คอมเมนท์: Ulrich Canale s..


 Copyright 2026. Bcnsprnw @Library